000 00509cam a2200193ua 4500
020 _a81-204-0630-6
_c125.00
041 _aeng
_h
082 _a630.33
_bDES/IN
100 _aDesai, B M.
245 _aInstitutional finance for agriculture /
_cB M Desai.
_hTextual Documents
250 _a1 /
_b.
260 _aNew Delhi :
_bOxford & IBH Publishing company ,
_c1991.
300 _a100 ; .
365 _a125.00
504 _a
700 1 _aNamboodiri, N V .
942 _cBK
999 _c7330
_d7330